In Search of Siraj's Son and Descendants/ (Record no. 201342)

MARC details
000 -LEADER
fixed length control field 00542nam a22001817a 4500
005 - DATE AND TIME OF LATEST TRANSACTION
control field 20240311122051.0
010 ## - LCCN (DPL NO)
LC control number ENG-139617
020 ## - INTERNATIONAL STANDARD BOOK NUMBER
Terms of availability 295.00
International Standard Book Number 9789384346928
035 ## - SYSTEM CONTROL NUMBER
System control number EN-123149
037 ## - SOURCE OF ACQUISITION
Source of stock number/acquisition DBAD/PUB
082 ## - DEWEY DECIMAL CLASSIFICATION NUMBER
Classification number 920
100 ## - MAIN ENTRY--PERSONAL NAME
Personal name De Amalendu
245 ## - TITLE STATEMENT
Title In Search of Siraj's Son and Descendants/
Statement of responsibility, etc Translated by Nandini Guha
260 ## - PUBLICATION, DISTRIBUTION, ETC. (IMPRINT)
Place of publication, distribution, etc Kolkata
Name of publisher, distributor, etc Parul Prakashani Pvt Ltd
Date of publication, distribution, etc 2012
270 ## - ADDRESS
City Kolkata
Address 8/3 Chintamoni Das Lane
Postal code 700009
300 ## - PHYSICAL DESCRIPTION
Extent 96p;
Dimensions 25cm(hb)
942 ## - ADDED ENTRY ELEMENTS (KOHA)
Source of classification or shelving scheme Dewey Decimal Classification
Item type English Books
Classification part 920
Call number suffix AMA
Holdings
Withdrawn status Lost status Not for loan Home library Current library Date acquired Source of acquisition Cost, normal purchase price Full call number Barcode Copy number Cost, replacement price Koha item type
      Bawana Bawana 11/03/2024 DBAD 295.00 920 AMA EN-123149 1 295.00 English Books

© Delhi Public Library
Hit Counter
free hit counter